| 000 | 00948cam a2200253 4500 | ||
|---|---|---|---|
| 001 | WB3648-05 | ||
| 008 | 000000n2000 000 0 eng u | ||
| 035 | _a(Sirsi) u109805 | ||
| 245 | _aMidlands and North set for boom | ||
| 260 | _c2000 | ||
| 490 |
_aConstruction News _v(6694) 30 November 2000, 4(1) |
||
| 520 | _aProvides details of regional construction output (new work) and forecasts, produced by researcher Hewes & Associates. These indicate that workloads will increase most rapidly in the Midlands and the North over the next two years, while the boom in London and the South-East is set to slow. Table. | ||
| 590 | _aWB | ||
| 650 | _aMIDLANDS | ||
| 650 | _aNORTH OF ENGLAND | ||
| 650 | _aLONDON | ||
| 650 | _aSOUTH-EAST ENGLAND | ||
| 650 | _aFORECASTS | ||
| 650 | _aCONSTRUCTION OUTPUT | ||
| 650 | _aPUBLIC HOUSING | ||
| 650 |
_aInfrastructure _96246 |
||
| 690 | _aBUILT ENVIRONMENT-CONSTRUCTION MARKET | ||
| 942 | _n0 | ||
| 999 |
_c65529 _d65529 |
||